000 01262cam a2200133 4500500
005 20260405085605.0
041 _afre
042 _adc
100 1 0 _aZawieja, Philippe
_eauthor
245 0 0 _aPsychotraumatologie du travail
260 _bArmand Colin,
_c2016.
520 _aCatastrophes industrielles, accidents du travail et du trajet, suicides et tentatives de suicide, violences sexuelles, violences interpersonnelles, violences crapuleuses, voire violences psychologiques… l’extension du domaine du trauma n’épargne pas le monde du travail. Étonnamment, l’épidémiologie officielle des traumas liés au travail contredit la quasi-banalité des ressentis traumatiques exprimés. Plus qu’un énième manuel de psychotraumatologie, cet ouvrage s’efforce d’identifier les spécificités du traumatisme physique survenant en contexte de travail, en soulignant les processus psychologiques à l’œuvre chez les victimes et les impliqués, et le rôle des intervenants internes ou externes dans la prise en charge, la construction de la résilience, la prévention ou la mise en récit du traumatisme professionnel.
856 4 1 _uhttps://shs.cairn.info/psychotraumatologie-du-travail--9782200611958?lang=fr&redirect-ssocas=7080
999 _c2198792
_d2198792